[Event "FIDE Open"]
[Site "Voronezh"]
[Date "2018.06.15"]
[Round "4.66"]
[White "Degtiarev, Viktor"]
[Black "Netsvetaev, Kirill"]
[Result "0-1"]
[WhiteElo "1772"]
[BlackElo "1536"]
[Annotator ""]
[Source ""]
[Remark ""]

1.e4 Nf6 2.Nc3 d5 3.e5 d4 4.exf6 dxc3 5.fxg7 cxd2+ 6.Bxd2 Bxg7
7.c3 Nc6 8.Nf3 Bg4 9.Be2 Qd6 10.Qa4 Bd7 11.O-O Nd4 12.Qd1 Nxe2+
13.Qxe2 Bc6 14.Rad1 O-O-O 15.Be3 Bb5 16.Rxd6 Bxe2 17.Rxd8+ Rxd8
18.Re1 Rd1 19.Rxd1 Bxd1 20.Ng5 Bh5 21.h3 h6 22.Ne4 Bg6 23.Nd2
a6 24.g4 e5 25.Kg2 Kd7 26.Kg3 Ke6 27.f3 b5 28.Ne4 Bf8 29.g5 hxg5
30.Nxg5+ Kd5 31.h4 Bh6 32.f4 f6 33.Nh3 Bb1 34.a3 Ke4 35.Bc1 Kd3
36.Nf2+ Kc2 37.Ng4 Kxc1 38.Nxh6 Kxb2 39.f5 Kxc3 40.Kg4 Kd2 41.Ng8
e4 42.Nxf6 e3 43.h5 e2 44.h6 e1Q 45.h7 Qh1 46.Kg5 Bxf5 47.Kxf5
Qh6 48.Ne4+ Kc1 49.Ng5 c5 50.Ke5 Kb2 0-1

[Event "FIDE Open"]
[Site "Voronezh"]
[Date "2018.06.15"]
[Round "4.67"]
[White "Knyazev, Pavel"]
[Black "Titarenko, Pavel"]
[Result "1/2-1/2"]
[WhiteElo "1762"]
[BlackElo "1520"]
[Annotator ""]
[Source ""]
[Remark ""]

1.Nf3 d6 2.g3 Nf6 3.Bg2 g6 4.O-O Bg7 5.d4 O-O 6.Nc3 Bg4 7.Nh4
c6 8.f3 Be6 9.e4 Bc4 10.Re1 d5 11.e5 Nfd7 12.f4 e6 13.b3 Ba6
14.Ba3 Re8 15.Nf3 Qa5 16.Bb2 c5 17.Kh1 Nc6 18.dxc5 Nxc5 19.a3
Qb6 20.b4 Nd7 21.Rb1 Bc4 22.Bc1 Rac8 23.Be3 Qc7 24.g4 f6 25.Nd2
fxe5 26.Nxc4 exf4 27.Nb5 Qb8 28.Ncd6 fxe3 29.Nxc8 Rxc8 30.Rxe3
Nf8 31.Bxd5 Rd8 32.Qe2 Rxd5 33.c4 Re5 34.Rf1 a6 35.Nc3 Rxe3 36.Qxe3
Bxc3 37.Qxc3 Qe5 38.Qf3 Qg7 39.h3 Ne5 40.Qe2 Qc7 41.c5 Nc6 42.Qf3
Qe7 43.Qf4 Qg7 1/2-1/2

[Event "FIDE Open"]
[Site "Voronezh"]
[Date "2018.06.15"]
[Round "4.68"]
[White "Koshelev, Vladimir"]
[Black "Neklyudova, Taisiya"]
[Result "1-0"]
[WhiteElo "1741"]
[BlackElo "1268"]
[Annotator ""]
[Source ""]
[Remark ""]

1.g3 d5 2.d3 c6 3.Nf3 Nf6 4.Bg2 Bf5 5.Nh4 Bd7 6.O-O e6 7.e4 dxe4
8.dxe4 Be7 9.e5 Nd5 10.Nf3 O-O 11.c4 Nb6 12.b3 a5 13.Nc3 Qc7
14.Bf4 Rd8 15.Qe2 a4 16.Ne4 axb3 17.axb3 Rxa1 18.Rxa1 Na6 19.h4
Nc5 20.Neg5 h6 21.Ne4 Nxb3 22.Rb1 Na5 23.Nd6 Rb8 24.Nd2 Na4 25.Qh5
g6 26.Qxh6 Bf8 27.Qg5 Nc3 28.Re1 Qd8 29.Qg4 Bxd6 30.exd6 e5 31.Qf3
exf4 32.Qxc3 fxg3 33.fxg3 Be6 34.c5 b6 35.Ne4 bxc5 36.Nf6+ Kf8
37.Nd7+ Kg8 38.Nxb8 Qxb8 39.Qxa5 Qxd6 40.Qc3 c4 41.Ra1 Qc5+ 42.Kh2
Qf8 43.Bxc6 1-0

[Event "FIDE Open"]
[Site "Voronezh"]
[Date "2018.06.15"]
[Round "4.69"]
[White "Kuzminykh, Nikita"]
[Black "Filippov, Vladimir"]
[Result "0-1"]
[WhiteElo "1658"]
[BlackElo "1881"]
[Annotator ""]
[Source ""]
[Remark ""]

1.e4 d6 2.d4 Nf6 3.Nc3 g6 4.f4 Bg7 5.Nf3 O-O 6.Bd3 Na6 7.a3 c5
8.Bxa6 cxd4 9.Nxd4 bxa6 10.h3 Bb7 11.Qd3 Qc7 12.O-O Rfc8 13.Nf3
Nd7 14.Nd4 Rab8 15.Bd2 Qb6 16.Be3 Nc5 17.Qd2 Nxe4 18.Nxe4 Bxe4
19.Nf5 Qb7 20.Nd4 Bxd4 21.Qxd4 Rxc2 22.Bf2 Bxg2 23.Rfc1 Bxh3
24.Qd5 Qxd5 25.Rxc2 Qg2# 0-1

[Event "FIDE Open"]
[Site "Voronezh"]
[Date "2018.06.15"]
[Round "4.70"]
[White "Kalashnikova, Elena"]
[Black "Zakharov, Timofey V."]
[Result "1-0"]
[WhiteElo "1774"]
[BlackElo "1389"]
[Annotator ""]
[Source ""]
[Remark ""]

1.e4 c5 2.Nf3 Nc6 3.Bb5 g6 4.Bxc6 dxc6 5.d3 Bg7 6.O-O Nf6 7.h3
O-O 8.Nc3 Nd7 9.Be3 b6 10.Qc1 Ne5 11.Nxe5 Bxe5 12.f4 Bd4 13.Ne2
e6 14.Nxd4 cxd4 15.Bf2 c5 16.Qe1 Bb7 17.Kh2 Qc7 18.Bg3 Qc6 19.Qe2
Qd7 20.e5 f6 21.Bh4 fxe5 22.fxe5 Rf5 23.Bf6 Rf8 24.h4 Qc7 25.Kg1
Qc6 26.Rxf5 exf5 27.Rf1 h5 28.Qd2 Kh7 29.Qg5 Qd5 30.b3 Qe6 31.Re1
Rf7 32.Kf2 b5 33.Rh1 Rf8 34.Be7 Rc8 35.Qf6 Qd5 36.Rg1 Rc6 37.Bd6
Rc8 38.Qe7+ Kg8 39.e6 Bc6 40.Qf7+ Kh8 41.Qf6+ Kh7 42.Be5 Rg8
43.Qf7+ Kh6 44.Bf4+ g5 45.hxg5+ Rxg5 46.Qf6+ Kh7 47.Bxg5 Be8 1-0

[Event "FIDE Open"]
[Site "Voronezh"]
[Date "2018.06.15"]
[Round "4.71"]
[White "Makushin, Aleksandr"]
[Black "Povelitsa, Nikolai"]
[Result "1-0"]
[WhiteElo "1692"]
[BlackElo "1364"]
[Annotator ""]
[Source ""]
[Remark ""]

1.e4 e5 2.Nf3 d6 3.d4 Qe7 4.Nc3 c6 5.Bc4 h6 6.Be3 Nf6 7.h3 Nbd7
8.O-O Nh7 9.Nd2 g5 10.Kh2 Ndf6 11.dxe5 dxe5 12.Ne2 g4 13.f4 gxh3
14.gxh3 Rg8 15.f5 Ng4+ 16.hxg4 Qh4+ 17.Kg2 Rxg4+ 18.Kf3 Qh3+
19.Kf2 Rg2+ 20.Ke1 Qxe3 21.Rf3 Qb6 22.Nf1 Bd7 23.Bxf7+ Kxf7 24.Qxd7+
Be7 25.Qe6+ Ke8 26.f6 Nxf6 27.Rxf6 Qb4+ 28.Nc3 Qxb2 29.Qf7+ Kd8
30.Rd1+ Kc8 31.Qe6+ Kb8 32.Rf8+ Bxf8 33.Rd8+ Kc7 34.Qd7+ Kb6
35.Na4+ Ka6 36.Nxb2 Bb4+ 37.Kd1 Rxd8 38.Qxd8 Rf2 39.Qd3+ b5 40.Kc1
Kb6 41.Nd1 Rf4 42.c3 Be7 43.Nfe3 Bc5 44.Kc2 1-0

[Event "FIDE Open"]
[Site "Voronezh"]
[Date "2018.06.15"]
[Round "4.73"]
[White "Cherniavskaya, Klara"]
[Black "Shipitsyna, Guzyal"]
[Result "0-1"]
[WhiteElo "1357"]
[BlackElo "1444"]
[Annotator ""]
[Source ""]
[Remark ""]

1.e4 e6 2.d4 d5 3.e5 c5 4.Nf3 Nc6 5.c3 Qb6 6.Qc2 Bd7 7.Bd3 g6
8.O-O Nh6 9.Bxh6 Bxh6 10.Nbd2 cxd4 11.cxd4 Rc8 12.Qb3 Bxd2 13.Qxb6
axb6 14.Nxd2 Nxd4 15.b3 Bb5 16.Bxb5+ Nxb5 17.f4 Nd4 18.Nf3 Ne2+
19.Kh1 Nxf4 20.Nd4 Nd3 21.Nb5 Ke7 22.Nd6 Nxe5 23.Nxc8+ Rxc8 24.h3
d4 25.Rae1 f6 26.Rc1 Rc6 27.Rb1 d3 0-1

[Event "Fide Open"]
[Site "Voronezh"]
[Date "2018.06.15"]
[Round "4.1"]
[White "Kitaev, Roman"]
[Black "Lebedev, Mikhail S."]
[Result "0-1"]
[WhiteElo "2031"]
[BlackElo "2103"]
[Annotator ""]
[Source ""]
[Remark ""]

1.Nf3 Nf6 2.b3 g6 3.Bb2 Bg7 4.g3 d6 5.d4 O-O 6.Bg2 Nc6 7.Nbd2
Bf5 8.O-O Ne4 9.Nh4 Nxd2 10.Qxd2 Bd7 11.e4 e5 12.Nf3 Bg4 13.d5
Ne7 14.h3 Bxf3 15.Bxf3 f5 16.c4 Qd7 17.Kh2 fxe4 18.Bxe4 Nf5 19.f4
Rae8 20.g4 exf4 21.Bxf5 gxf5 22.Rxf4 Be5 23.Bxe5 Rxe5 24.gxf5
Rfxf5 25.Rg1+ Kh8 26.Rfg4 Rf8 27.Qh6 Re2+ 28.R1g2 Rxg2+ 29.Rxg2
Qf7 30.Qe3 Qf4+ 31.Qxf4 Rxf4 32.Kg3 Rf7 33.Re2 a5 34.a3 Kg7 35.b4
axb4 36.axb4 b6 37.Re4 Kg6 38.Kg4 Rg7 39.Rf4 Re7 40.h4 Re5 41.Kf3
b5 42.Rg4+ Kf7 43.Rf4+ Ke7 44.Rd4 bxc4 45.Rxc4 Kd8 46.Rd4 Kc8
47.Kg4 h5+ 48.Kf4 Kb7 49.Rd2 Kb6 50.Rd1 Ka6 51.Rc1 Kb6 52.Rd1
Kb5 53.Rc1 Rxd5 54.Rxc7 Kxb4 55.Rc1 Kb5 56.Rb1+ Kc6 57.Rg1 Re5
58.Rg5 Rc5 59.Rg6 Rb5 60.Rh6 Re5 61.Rf6 Kd5 62.Rg6 Kc5 63.Rg5
Kd4 64.Rg6 d5 65.Rd6 Re8 66.Rh6 Rf8+ 67.Kg5 Ke5 68.Kxh5 Kf5 69.Rh7
d4 70.Kh6 Rf6+ 71.Kg7 Rd6 72.Rh5+ Kg4 73.Ra5 Kxh4 0-1

[Event "Fide Open"]
[Site "Voronezh"]
[Date "2018.06.15"]
[Round "4.2"]
[White "Bobkov, Vadim"]
[Black "Kutyanina, Mariya"]
[Result "1-0"]
[WhiteElo "2058"]
[BlackElo "2021"]
[Annotator ""]
[Source ""]
[Remark ""]

1.d4 d5 2.c4 e6 3.Nc3 Nf6 4.cxd5 exd5 5.Bg5 Be7 6.e3 h6 7.Bh4
c6 8.Bd3 Nbd7 9.Nge2 O-O 10.Qc2 Re8 11.f3 Qb6 12.O-O Ng4 13.Bh7+
Kh8 14.fxg4 Bxh4 15.Rxf7 Nf8 16.Nf4 Bf6 17.g5 Bxg5 18.Rxf8+ Rxf8
19.Ng6+ Kxh7 20.Nxf8+ Kg8 21.Rf1 Bf6 22.Nh7 Be7 23.Qg6 c5 24.Nf6+
Bxf6 25.Nxd5 Qe6 26.Rxf6 Qxd5 27.Qe8+ Kh7 28.Rf8 g5 29.Rh8+ Kg7
30.Qf8+ 1-0

[Event "Fide Open"]
[Site "Voronezh"]
[Date "2018.06.15"]
[Round "4.3"]
[White "Lepaev, Andrey"]
[Black "Lilov, Aleksandr"]
[Result "1/2-1/2"]
[WhiteElo "1992"]
[BlackElo "2046"]
[Annotator ""]
[Source ""]
[Remark ""]

1.d4 c5 2.d5 g6 3.e4 Bg7 4.Nc3 d6 5.Bb5+ Bd7 6.a4 Na6 7.Nf3 Nc7
8.Bxd7+ Qxd7 9.h3 a6 10.Qe2 Nf6 11.a5 O-O 12.O-O Rae8 13.Rd1
Nb5 14.Qc4 Nxc3 15.bxc3 Qb5 16.Qd3 c4 17.Qe2 Nd7 18.Nd4 Qc5 19.Ra4
Rc8 20.Ba3 Qc7 21.Rb1 Nc5 22.Bxc5 dxc5 23.Rxc4 Qxa5 24.Nb3 Qb5
25.Qf1 b6 26.Nd2 Qa5 27.Ra1 Qb5 28.Rb1 Qa5 29.Ra1 Qb5 30.Rb1 1/2-1/2

[Event "Fide Open"]
[Site "Voronezh"]
[Date "2018.06.15"]
[Round "4.4"]
[White "Martyntsev, Roman"]
[Black "Artemov, Nikita"]
[Result "0-1"]
[WhiteElo "2035"]
[BlackElo "1970"]
[Annotator ""]
[Source ""]
[Remark ""]

1.e4 c5 2.Nf3 d6 3.d4 cxd4 4.Nxd4 Nf6 5.Nc3 Nc6 6.Bg5 Bd7 7.f4
Qb6 8.Nb3 Ng4 9.Qe2 h6 10.Nd5 Qd8 11.Bh4 g5 12.h3 Bg7 13.hxg4
gxh4 14.O-O-O a5 15.e5 a4 16.Nf6+ Bxf6 17.Nd2 dxe5 18.Ne4 Qb6
19.Nxf6+ exf6 20.Rxh4 a3 21.b3 O-O-O 22.Qe4 Qb4 0-1

[Event "Fide Open"]
[Site "Voronezh"]
[Date "2018.06.15"]
[Round "4.5"]
[White "Koshevarov, Alexander"]
[Black "Novikov, Sergey D"]
[Result "0-1"]
[WhiteElo "2030"]
[BlackElo "2180"]
[Annotator ""]
[Source ""]
[Remark ""]

1.e4 c5 2.Nf3 d6 3.Bb5+ Bd7 4.Bxd7+ Qxd7 5.d4 cxd4 6.Nxd4 Nf6
7.Nc3 g6 8.O-O Bg7 9.h3 O-O 10.Be3 Nc6 11.Nxc6 Qxc6 12.Nd5 Rfe8
13.f3 Nxd5 14.exd5 Qb5 15.Rb1 e6 16.dxe6 Rxe6 17.Bd4 Qc4 18.Bxg7
Kxg7 19.Qd3 Qc5+ 20.Rf2 Rae8 21.Qc3+ Qxc3 22.bxc3 Re1+ 23.Rf1
Rxb1 24.Rxb1 b6 25.Kf2 Kf6 26.Rb4 Rc8 27.Rb3 Ke5 28.Ke3 Kd5 29.Kd3
Re8 30.Rb1 Kc5 31.c4 Kc6 32.c3 Re5 33.a4 Ra5 34.Rb4 Re5 35.Rb1
f5 36.g3 f4 37.gxf4 Rh5 38.Ke4 Rxh3 39.a5 bxa5 40.Rb5 Rh5 41.Rb2 0-1

[Event "Fide Open"]
[Site "Voronezh"]
[Date "2018.06.15"]
[Round "4.6"]
[White "Lukovnikov, Alexander"]
[Black "Nesterov, Andrey"]
[Result "1-0"]
[WhiteElo "2153"]
[BlackElo "2010"]
[Annotator ""]
[Source ""]
[Remark ""]

1.e4 c5 2.Nf3 d6 3.d4 cxd4 4.Nxd4 Nf6 5.Nc3 g6 6.f4 Nc6 7.Nxc6
bxc6 8.e5 Nd7 9.exd6 exd6 10.Be3 Be7 11.Bd3 O-O 12.O-O d5 13.f5
Bg5 14.Bxg5 Qxg5 15.Qe2 Nc5 16.f6 Nxd3 17.Qxd3 Bf5 18.Qd4 Rfe8
19.Rae1 Bxc2 20.h4 Qg3 21.Re7 Bf5 22.Rf3 Qd6 23.Rfe3 Be6 24.R3xe6
Qxe6 25.Rxe6 Rxe6 26.b4 a6 27.Qf4 h5 28.Ne2 Kh7 29.Ng3 Rd8 30.Nf5
gxf5 31.Qg5 Rxf6 32.Qxf6 Rf8 33.Qxc6 1-0

[Event "Fide Open"]
[Site "Voronezh"]
[Date "2018.06.15"]
[Round "4.7"]
[White "Peschansky, Mikhail"]
[Black "Napalkov, Vladimir"]
[Result "1/2-1/2"]
[WhiteElo "2137"]
[BlackElo "2005"]
[Annotator ""]
[Source ""]
[Remark ""]

1.b3 d5 2.Bb2 c5 3.e3 e6 4.f4 Nf6 5.Nf3 Bd6 6.Bb5+ Nbd7 7.O-O
O-O 8.Ne5 Qc7 9.d4 cxd4 10.exd4 Ne4 11.Bd3 f5 12.Nd2 Ndf6 13.c4
a5 14.Rc1 Qe7 15.c5 Bxe5 16.dxe5 Ng4 17.Bd4 Bd7 18.Nxe4 dxe4
19.Bxe4 Rad8 20.Qf3 Bb5 21.Rfd1 Nxh2 22.Kxh2 fxe4 23.Qg4 Rd5
24.Be3 Rfd8 25.Rxd5 Rxd5 26.Rd1 Rd3 27.Re1 Bc6 28.Bf2 h6 29.Re3
Qd7 30.Rh3 Rxh3+ 31.Qxh3 Qd5 32.Be3 Kh7 33.Qg3 Qd1 34.Qf2 Qh5+
35.Kg1 Qd1+ 36.Kh2 Qh5+ 37.Kg1 Qd1+ 38.Kh2 Qh5+ 39.Kg1 Qd1+ 40.Kh2
Qh5+ 1/2-1/2

[Event "Fide Open"]
[Site "Voronezh"]
[Date "2018.06.15"]
[Round "4.8"]
[White "Zaitseva, Lyudmila"]
[Black "Garafutdinov, Ainur"]
[Result "1/2-1/2"]
[WhiteElo "1954"]
[BlackElo "2122"]
[Annotator ""]
[Source ""]
[Remark ""]

1.d4 f5 2.g3 d6 3.Bg2 g6 4.Nh3 Nf6 5.Nf4 Bg7 6.h4 Nc6 7.d5 Ne5
8.c4 c6 9.Nd2 Qb6 10.Qb3 Bd7 11.Nf3 Nfg4 12.e3 Nxf3+ 13.Bxf3
Ne5 14.Bg2 O-O 15.Bd2 Kh8 16.Bc3 Qa6 17.Rc1 Rab8 18.O-O b5 19.cxb5
Rxb5 20.Qc2 c5 21.b3 Rb7 22.Rfd1 Bf6 23.Bf1 Bb5 24.Ne6 Rc8 25.Bxb5
Qxb5 26.Bxe5 Bxe5 27.f4 Bf6 28.h5 gxh5 29.Kf2 Qe8 30.Qxf5 Qg6
31.Qh3 Rg8 32.Rh1 h4 33.gxh4 Qe4 34.Qf3 Qd3 35.Qd1 Qe4 36.Ng5
Bxg5 37.hxg5 e5 38.Qf3 Qf5 39.fxe5 Qxe5 40.Qf6+ Qxf6+ 41.gxf6
Rg6 42.Rc4 Rxf6+ 43.Ke2 Rbf7 44.Rch4 Rf2+ 45.Kd3 Rxa2 46.Rh6
Rd7 47.Rg1 Ra6 48.Re6 h5 49.Rh6+ Rh7 50.Rhg6 Rb7 51.Rh6+ Rh7
52.Ke4 1/2-1/2

[Event "Fide Open"]
[Site "Voronezh"]
[Date "2018.06.15"]
[Round "4.9"]
[White "Popelyshev, Igor V."]
[Black "Pingin, Artem"]
[Result "0-1"]
[WhiteElo "2095"]
[BlackElo "1967"]
[Annotator ""]
[Source ""]
[Remark ""]

1.e4 c5 2.Na3 e6 3.f4 Nf6 4.d3 Nc6 5.Nf3 Be7 6.g3 d5 7.e5 Nd7
8.c4 Nb6 9.Bg2 O-O 10.O-O f6 11.Qe2 fxe5 12.fxe5 Bd7 13.Nc2 Be8
14.Bh3 Bf7 15.Be3 h6 16.Rf2 Qc7 17.Bd2 Rae8 18.b3 Bd8 19.Raf1
dxc4 20.dxc4 Bg6 21.Bf4 Nd7 22.Re1 Bh7 23.Bg4 g5 24.Bh5 gxf4
25.gxf4 Re7 26.Rg2+ Kh8 27.Ne3 Nd4 28.Nxd4 cxd4 29.Ng4 Nc5 30.Nxh6
Rg7 31.f5 Rxg2+ 32.Qxg2 Qg7 33.Nf7+ Rxf7 34.Bxf7 Qxf7 35.fxe6
Qg7 36.Rf1 0-1

[Event "Fide Open"]
[Site "Voronezh"]
[Date "2018.06.15"]
[Round "4.10"]
[White "Ioffe, Evgeny"]
[Black "Kulpin, Dmitriy"]
[Result "1/2-1/2"]
[WhiteElo "2079"]
[BlackElo "1954"]
[Annotator ""]
[Source ""]
[Remark ""]

1.e4 c5 2.c3 Nf6 3.e5 Nd5 4.d4 cxd4 5.cxd4 e6 6.Nf3 d6 7.a3 Bd7
8.Bd3 Bc6 9.O-O Be7 10.Nc3 Nd7 11.exd6 Bxd6 12.Ne4 Be7 13.Bg5
O-O 14.Re1 Rc8 15.Qd2 Bxg5 16.Nexg5 h6 17.Ne4 Qc7 18.Rac1 Qf4
19.Qe2 Rfd8 20.h3 N5f6 21.g3 Qb8 22.Nc3 Qd6 23.Red1 Nd5 24.Ne4
Qb8 25.Nc5 Nxc5 26.dxc5 Nf6 27.Ne5 Bd5 28.b4 Bb3 29.Re1 Bd5 30.Qe3
Qc7 31.Nc4 Bxc4 32.Bxc4 a5 33.Bf1 Nd5 34.Qb3 axb4 35.axb4 Qe7
36.Bg2 Rc7 37.Rcd1 Qd7 38.Re5 Re8 39.Bf1 Qc6 40.Bg2 Rd7 41.Kh2
b6 42.Rc1 bxc5 43.Rxc5 Qb6 44.Re4 Red8 45.Rcc4 g6 46.b5 Rc7 47.Qc2
Rxc4 48.Rxc4 Kh7 49.Bxd5 1/2-1/2

[Event "Fide Open"]
[Site "Voronezh"]
[Date "2018.06.15"]
[Round "4.11"]
[White "Bruyatskaya, Mariya"]
[Black "Markevich, Arseniy"]
[Result "1-0"]
[WhiteElo "2026"]
[BlackElo "2076"]
[Annotator ""]
[Source ""]
[Remark ""]

1.e4 c5 2.Nf3 Nf6 3.e5 Nd5 4.Nc3 e6 5.Nxd5 exd5 6.d4 Nc6 7.dxc5
Bxc5 8.Bd3 Qe7 9.O-O h6 10.c3 d6 11.exd6 Bxd6 12.Re1 Be6 13.Bc2
O-O-O 14.Be3 Bb8 15.Nd4 Nxd4 16.Qxd4 Qd6 17.Qc5+ Qxc5 18.Bxc5
Rhe8 19.Bd4 g6 20.Bg7 Bd7 21.Bb3 Rxe1+ 22.Rxe1 Be6 23.h4 h5 24.Bf6
Rd6 25.Be5 Rc6 26.Bxb8 Kxb8 27.Rd1 Rd6 28.Kh2 Kc7 29.Kg3 Kc6
30.Rd4 a5 31.f3 Kc5 32.Kf4 f6 33.g4 Rd8 34.Bc2 hxg4 35.fxg4 Bf7
36.Rd2 b5 37.b3 d4 38.cxd4+ Rxd4+ 39.Rxd4 Kxd4 40.g5 Kc3 41.Bxg6
Bxg6 42.gxf6 a4 43.Kg5 Bf7 44.h5 axb3 45.axb3 Bxb3 46.h6 Bg8
47.f7 Bxf7 48.h7 b4 49.h8Q+ Kb3 50.Qd4 Bg8 51.Kf4 Ka3 52.Qa7+
Kb3 53.Ke3 1-0

[Event "Fide Open"]
[Site "Voronezh"]
[Date "2018.06.15"]
[Round "4.12"]
[White "Nakonechny, Ignat"]
[Black "Katyshkina, Anastasia"]
[Result "1-0"]
[WhiteElo "1890"]
[BlackElo "2035"]
[Annotator ""]
[Source ""]
[Remark ""]

1.c4 Nf6 2.Nc3 d5 3.cxd5 Nxd5 4.g3 g6 5.Bg2 Nxc3 6.bxc3 Bg7 7.Nf3
O-O 8.O-O c5 9.d4 Nc6 10.e3 Bf5 11.Bb2 Qc7 12.Nd2 Rad8 13.Qe2
Qc8 14.d5 Na5 15.e4 Bg4 16.f3 Bd7 17.Nb3 Qc7 18.Rf2 b5 19.Rd1
Nc4 20.Ba1 a5 21.f4 Bc8 22.a4 bxa4 23.Qxc4 axb3 24.Qxb3 c4 25.Qa3
Bg4 26.Rb1 Rb8 27.Rfb2 Rfc8 28.h3 Rxb2 29.Rxb2 Bd1 30.Rb5 a4
31.Qb4 Qa7+ 32.Kh2 Bf8 33.Bb2 Qf2 34.Ba3 h5 35.h4 Qc2 36.Qb2
Qd3 37.e5 Bb3 38.Rb7 Re8 39.Bb4 Bd1 40.Ra7 Qe3 41.Ra5 Rb8 42.Qa1
Qd2 43.Kh1 Qe1+ 44.Kh2 Qd2 45.d6 exd6 46.Rd5 Qf2 47.Qxd1 1-0

[Event "Fide Open"]
[Site "Voronezh"]
[Date "2018.06.15"]
[Round "4.13"]
[White "Kolomensky, Vladimir"]
[Black "Koptev, Ruslan"]
[Result "0-1"]
[WhiteElo "2120"]
[BlackElo "1859"]
[Annotator ""]
[Source ""]
[Remark ""]

1.e4 c5 2.Nf3 d6 3.d4 cxd4 4.Nxd4 Nf6 5.Nc3 g6 6.Be2 Bg7 7.O-O
O-O 8.Bg5 Nc6 9.Nb3 Be6 10.Re1 Rc8 11.Bf1 Re8 12.Nd5 Bxd5 13.exd5
Ne5 14.c3 Nc4 15.Bxc4 Rxc4 16.Qd3 Qc8 17.Re2 e6 18.dxe6 Rxe6
19.Rae1 Rxe2 20.Rxe2 Rc6 21.Bf4 Qg4 22.g3 h5 23.f3 Qd7 24.Rd2
d5 25.Kg2 a6 26.Be5 Bf8 27.Nd4 Rb6 28.Ne2 Bh6 29.Bf4 Bf8 30.Bg5
Bc5 31.b4 Be7 32.Nf4 d4 33.a3 dxc3 34.Qxc3 Qc6 35.Qe3 Rb5 36.h4
Bf8 37.Rd8 Nd5 38.Qd4 Nxf4+ 39.Bxf4 Qc2+ 40.Kh3 Qf5+ 41.g4 hxg4+
42.fxg4 Qe6 43.Bd2 Qb3+ 44.Bc3 f6 45.Qxf6 0-1

[Event "Fide Open"]
[Site "Voronezh"]
[Date "2018.06.15"]
[Round "4.14"]
[White "Efendiev, Enver"]
[Black "Sobina, Pavel"]
[Result "0-1"]
[WhiteElo "1948"]
[BlackElo "2199"]
[Annotator ""]
[Source ""]
[Remark ""]

1.e4 c5 2.Nf3 d6 3.d4 cxd4 4.Nxd4 Nf6 5.Nc3 a6 6.Bg5 e6 7.f4
h6 8.Bh4 Qb6 9.Qd2 Qxb2 10.Rb1 Qa3 11.e5 dxe5 12.fxe5 g5 13.exf6
gxh4 14.Be2 Qa5 15.O-O Qg5 16.Qxg5 hxg5 17.Ne4 Nd7 18.Nxg5 Ne5
19.a4 Bh6 20.Ndf3 Nxf3+ 21.Nxf3 Be3+ 22.Kh1 b6 23.Rb3 Bc5 24.Ne5
Bb7 25.Bf3 Bxf3 26.Rbxf3 Rh5 27.Nd3 Bd6 28.Nf2 Rc8 29.Ne4 Bf8
30.c3 Rc4 31.Rf4 Kd7 32.Rd1+ Rd5 33.Re1 Kc6 34.Rxh4 Rxa4 35.g3
Re5 36.Kg2 Bc5 37.Nxc5 Ra2+ 38.Kf1 Rxc5 39.c4 Rf5+ 40.Rf4 Rxf4+
41.gxf4 Rxh2 42.f5 Rh1+ 0-1

[Event "FIDE Open"]
[Site "Voronezh"]
[Date "2018.06.16"]
[Round "5.15"]
[White "Martyntsev, Roman"]
[Black "Levicheva, Ekaterina"]
[Result "1-0"]
[WhiteElo "2035"]
[BlackElo "1908"]
[Annotator ""]
[Source ""]
[Remark ""]

1.e4 e6 2.d4 d5 3.Nc3 Bb4 4.e5 Ne7 5.Bd2 Nf5 6.Nf3 Bd7 7.Ne2
Bxd2+ 8.Qxd2 a5 9.Ng3 c6 10.Bd3 h5 11.h4 g6 12.Nxf5 exf5 13.Ng5
Qe7 14.O-O-O b5 15.f3 Be6 16.Rdf1 b4 17.g4 fxg4 18.fxg4 Nd7 19.gxh5
Rxh5 20.Rf4 O-O-O 21.Rhf1 Rf8 22.Be2 Rhh8 23.Qd3 Kc7 24.Qg3 c5
25.Nxf7 Bxf7 26.Rxf7 Rxf7 27.Rxf7 Qxh4 28.Qxh4 Rxh4 29.Bb5 Rh1+
30.Kd2 Rh2+ 31.Ke3 Rxc2 32.Rxd7+ Kb6 33.e6 cxd4+ 34.Kd3 1-0

[Event "FIDE Open"]
[Site "Voronezh"]
[Date "2018.06.16"]
[Round "5.16"]
[White "Savoskin, Vladimir"]
[Black "Provkin, Vladimir"]
[Result "0-1"]
[WhiteElo "1743"]
[BlackElo "2182"]
[Annotator ""]
[Source ""]
[Remark ""]

1.Nf3 Nf6 2.b3 g6 3.Bb2 Bg7 4.e3 d6 5.Be2 O-O 6.O-O c5 7.c4 e5
8.d4 cxd4 9.exd4 e4 10.Nfd2 Nc6 11.d5 Nb8 12.Re1 Re8 13.Nf1 h5
14.Nc3 h4 0-1

[Event "FIDE Open"]
[Site "Voronezh"]
[Date "2018.06.16"]
[Round "5.17"]
[White "Gorodnichev, Alexey"]
[Black "Beldyugin, Alexey"]
[Result "1/2-1/2"]
[WhiteElo "1949"]
[BlackElo "2113"]
[Annotator ""]
[Source ""]
[Remark ""]

1.e4 d5 2.exd5 Qxd5 3.Nc3 Qd8 4.g3 g6 5.Bg2 Bg7 6.Nf3 Nf6 7.O-O
c6 8.Re1 O-O 9.d3 Bg4 10.h3 Bxf3 11.Qxf3 Nbd7 12.a4 a5 13.g4
e6 14.Ra3 Nd5 15.Nxd5 exd5 16.c3 Re8 17.Rxe8+ Qxe8 18.Be3 Qe6
19.d4 Ra6 20.Rb3 Rb6 21.Rxb6 Nxb6 22.b3 Nc8 23.Qf4 Nd6 24.c4
dxc4 25.bxc4 Qf6 26.Qg3 Bf8 27.Bf1 Qd8 28.Bd3 Ne8 29.Qf3 Nc7
30.Kg2 c5 31.d5 Ne8 32.Bd2 b6 33.Bc3 Bg7 34.Bd2 Qc7 35.Qe2 Kf8
36.f4 Qe7 37.Qxe7+ Kxe7 38.Kf3 Bd4 39.g5 f6 40.h4 Kf7 41.Be1
Kg7 42.Bg3 f5 43.Be1 h5 44.Bf2 Kf7 45.Be1 Ke7 46.Ke2 1/2-1/2

[Event "FIDE Open"]
[Site "Voronezh"]
[Date "2018.06.16"]
[Round "5.18"]
[White "Mikhnenko, Alexander"]
[Black "Popelyshev, Igor V."]
[Result "1-0"]
[WhiteElo "1945"]
[BlackElo "2095"]
[Annotator ""]
[Source ""]
[Remark ""]

1.d4 Nf6 2.c4 c5 3.Nf3 cxd4 4.Nxd4 g6 5.Nc3 Bg7 6.e4 d6 7.Be2
Nc6 8.Nc2 a5 9.Be3 a4 10.f3 h5 11.Qd2 h4 12.Rc1 Qa5 13.O-O Qh5
14.Na3 Bh6 15.Nd5 Bxe3+ 16.Qxe3 O-O 17.Nxf6+ exf6 18.Nb5 Qc5
19.Rc3 Be6 20.Kh1 Qxe3 21.Rxe3 Rfd8 22.Rd1 Ne5 23.Ra3 Kf8 24.h3
Ke7 25.f4 Nc6 26.Re3 Na5 27.b3 axb3 28.axb3 Nc6 29.f5 Bc8 30.Nc7
Ra2 31.Nd5+ Kf8 32.fxg6 fxg6 33.Nxf6 Ne5 34.Nd5 Kg7 35.Nc3 Rb2
36.Nb5 Nf7 37.Bf3 b6 38.Nd4 Re8 39.Re2 Rxe2 40.Nxe2 Bb7 41.Nc3
Bc6 42.Nd5 b5 43.cxb5 Bxb5 44.Rd4 Bc6 45.Nc3 Rb8 46.b4 1-0

[Event "FIDE Open"]
[Site "Voronezh"]
[Date "2018.06.16"]
[Round "5.19"]
[White "Krupin, Victor"]
[Black "Yakimenko, Alexander A."]
[Result "0-1"]
[WhiteElo "1938"]
[BlackElo "2094"]
[Annotator ""]
[Source ""]
[Remark ""]

1.e4 e5 2.Nf3 Nc6 3.Bc4 Be7 4.d4 d6 5.h3 Nf6 6.d5 Nb8 7.Nc3 a6
8.a4 Nbd7 9.Be3 O-O 10.Qe2 Re8 11.Bb3 Nf8 12.g4 Ng6 13.g5 Nh5
14.O-O-O Ngf4 15.Qd2 Bxg5 16.Nxg5 Qxg5 17.Ne2 Nxe2+ 18.Qxe2 Nf4
19.Qd2 Qh4 20.Rdg1 Bd7 21.Kb1 g6 22.c3 Rad8 23.Bd1 Rf8 24.Bg4
f5 25.Bxf4 exf4 26.Bxf5 Bxf5 27.exf5 Rxf5 28.Rg4 Qf6 29.Re1 Re5
30.Rd1 Qf5+ 31.Qc2 Rde8 32.Qxf5 Rxf5 33.Rd2 Re1+ 34.Kc2 Kf7 35.c4
Kf6 36.Kd3 h5 37.Rg2 Rh1 38.Kd4 Rxh3 39.Re2 Re5 40.Rxe5 dxe5+
41.Kc5 Rb3 42.f3 a5 43.Rd2 Rb6 44.b4 Rxb4 45.d6 cxd6+ 46.Rxd6+
Kf5 47.Rd7 Rxa4 48.Rf7+ Ke6 49.Rxb7 Ra3 50.Rb8 Rxf3 51.Re8+ Kf5 0-1

[Event "FIDE Open"]
[Site "Voronezh"]
[Date "2018.06.16"]
[Round "5.20"]
[White "Markevich, Arseniy"]
[Black "Malinin, Sergey"]
[Result "1-0"]
[WhiteElo "2076"]
[BlackElo "1953"]
[Annotator ""]
[Source ""]
[Remark ""]

1.d4 Nf6 2.Nf3 g6 3.Bg5 Bg7 4.Nbd2 O-O 5.e4 d6 6.Bc4 h6 7.Bh4
g5 8.Bg3 Bg4 9.Qe2 Nc6 10.Qe3 Bh5 11.e5 Nh7 12.O-O-O d5 13.Bd3
a5 14.c3 a4 15.h4 g4 16.Ng1 f5 17.Bf4 e6 18.Bxh6 Qd7 19.Ne2 Na5
20.f3 b5 21.Bxg7 Kxg7 22.Nf4 Be8 23.fxg4 fxg4 24.Qg3 Rg8 25.Qxg4+
Kh8 26.Qxe6 Qxe6 27.Nxe6 c6 28.Nf3 Bg6 29.Nfg5 a3 30.bxa3 1-0

[Event "FIDE Open"]
[Site "Voronezh"]
[Date "2018.06.16"]
[Round "5.21"]
[White "Fadin, Evgeny"]
[Black "Pivina, Mariya"]
[Result "1/2-1/2"]
[WhiteElo "2056"]
[BlackElo "1941"]
[Annotator ""]
[Source ""]
[Remark ""]

1.e4 c5 2.Nf3 e6 3.d4 cxd4 4.Nxd4 Nc6 5.Nxc6 bxc6 6.Bd3 Nf6 7.O-O
e5 8.c4 Bc5 9.Nc3 Rb8 10.Qe2 O-O 11.Bg5 h6 12.Bh4 d6 13.h3 Bd4
14.Rac1 g5 15.Bg3 g4 16.Bh4 Kh7 17.Kh1 gxh3 18.Qf3 hxg2+ 19.Kxg2
Rg8+ 20.Kh1 Bg4 21.Qxf6 Bf3+ 22.Kh2 Qxf6 23.Bxf6 Rxb2 24.Bh4
Be3 25.Rc2 Rg2+ 26.Kh3 Bf4 27.Bg3 Bxg3 28.fxg3 Rgxc2 29.Bxc2
Bg2+ 30.Kxg2 Rxc2+ 31.Kh3 Rxc3 32.Rxf7+ Kg6 33.Rxa7 Rxc4 34.Rd7
Rd4 35.Kg2 d5 36.Rd6+ Kg5 37.exd5 cxd5 38.a4 Rxa4 39.Rxd5 Kf5
40.Rd6 Kg5 41.Re6 1/2-1/2

[Event "FIDE Open"]
[Site "Voronezh"]
[Date "2018.06.16"]
[Round "5.22"]
[White "Katyshkina, Anastasia"]
[Black "Neklyudov, Taras"]
[Result "1/2-1/2"]
[WhiteElo "2035"]
[BlackElo "1876"]
[Annotator ""]
[Source ""]
[Remark ""]

1.e4 c5 2.Nf3 d6 3.d4 cxd4 4.Nxd4 Nf6 5.Nc3 a6 6.h3 g6 7.g4 Bg7
8.Be3 O-O 9.Bg2 Nc6 10.O-O Bd7 11.Nde2 b5 12.Ng3 Ne5 13.b3 Rc8
14.Qd2 Qc7 15.Bd4 b4 16.Nce2 Qxc2 17.Qxb4 Nc6 18.Qb7 Nxd4 19.Nxd4
Qc5 20.Rad1 Ra8 21.e5 dxe5 22.Nde2 Ra7 23.Qf3 h6 24.Rc1 Qb6 25.Rfd1
Rc7 26.Rxc7 Qxc7 27.Nc3 Rc8 28.Nd5 Nxd5 29.Qxd5 Bc6 30.Qxc6 Qxc6
31.Bxc6 Rxc6 32.Rd8+ Kh7 33.Rd7 Bf6 34.Ne4 Kg7 35.Ra7 e6 36.b4
Bd8 37.Rd7 Bb6 38.Nd6 Kg8 39.Nxf7 Rc1+ 40.Kg2 Rc2 41.Nxh6+ Kh8
42.Nf7+ Kg8 43.Nh6+ Kh8 1/2-1/2